Plan Estratégico 2007.2011 (Record no. 8669)
[ view plain ]
| 000 -LEADER | |
|---|---|
| campo de control de longitud fija | 00389nam a2200133Ia 4500 |
| 001 - NÚMERO DE CONTROL | |
| campo de control | 423 |
| 008 - DATOS DE LONGITUD FIJA--INFORMACIÓN GENERAL | |
| campo de control de longitud fija | 241024s9999 xx 000 0 und d |
| 082 ## - NÚMERO DE LA CLASIFICACIÓN DECIMAL DEWEY | |
| Número de clasificación | RD/372.7/R426p |
| 100 ## - ENTRADA PRINCIPAL--NOMBRE DE PERSONA | |
| Nombre de persona | República Dominicana.Instituto Superior de Formación Docente Salome Ureña |
| 245 #0 - MENCIÓN DEL TÍTULO | |
| Título | Plan Estratégico 2007.2011 |
| 260 ## - PUBLICACIÓN, DISTRIBUCIÓN, ETC. | |
| Nombre del editor, distribuidor, etc. | Papeleria Josúe |
| Fecha de publicación, distribución, etc. | 2007 |
| 901 ## - ELEMENTOS DE DATOS A LOCAL LDA (RLIN) | |
| a | 9/11/2010 3:11:04 p.m. |
No items available.